000 00804nas a2200253 4500
001 BR8001238
003 BR-BrBNA
005 20231205084204.0
007 ta
008 230509b bl.|||p| |||| 00| 00por d
040 _aBR-BrBNA
_bpor
_cBiblioteca Nacional de Agricultura
041 _a(Pt)
072 _aL32; U20
100 1 _aVera, R.R.
245 1 _aAnalise de sistemas em conservacao de forragens
246 1 _a[System analysis in fodder conservation]
650 _aIndustria alimenticia
650 _aDocumentacao
650 _aForragem
650 _aComputador
773 0 _tInforme Agropecuario - Empresa de Pesquisa Agropecuaria de Minas Gerais (Brazil)
_xISSN 0100-3364
_g(Apr 1980), v. 6(64) p. 44-46
_wBR8001238
909 _a202311
_bLúcia
_c55
_dLúcia Elande
942 _2AGRIS
_n0
_cANA
999 _c103677
_d103677